000 00959nam a22002417a 4500
003 UA-OsUOA
001 78070
007 ta
008 20110929b un ||||| |||| 00| 0 ukr d
100 _aЛастовський В.В.
090 _a340.12(091)(100)
_bЛ26
942 _cBK
040 _aUA-OsUOA
_bukr
_cUA-OsUOA
_dUA-OsUOA
245 _aІсторія держави і права зарубіжних країн
_bнавчальний посібник для студ. денної, заочної та дистанційної форм навчання спеціальності 6.060101 "Правознавство"
300 _a144 с.
955 _a2
041 _aukr
080 _a340.12(091)(100)
020 _a966-7612-11-2
260 _aК.
_bДієз Продукт
_c2004
650 7 _a340 Право в цілому. Пропедевтика. Методи та допоміжні правничі науки
_2UDC
999 _c364380
_d364380